<?xml version="1.0" encoding="UTF-8"?>
<record
    xmlns:xsi="http://www.w3.org/2001/XMLSchema-instance"
    xsi:schemaLocation="http://www.loc.gov/MARC21/slim http://www.loc.gov/standards/marcxml/schema/MARC21slim.xsd"
    xmlns="http://www.loc.gov/MARC21/slim">

  <leader>02143nam a2200301   4500</leader>
  <controlfield tag="001">184</controlfield>
  <controlfield tag="003">OSt</controlfield>
  <controlfield tag="005">20250328094816.0</controlfield>
  <controlfield tag="008">250131b        |||||||e |||| 00| 0 eng d</controlfield>
  <datafield tag="040" ind1=" " ind2=" ">
    <subfield code="b">por</subfield>
  </datafield>
  <datafield tag="041" ind1=" " ind2=" ">
    <subfield code="h">ger</subfield>
    <subfield code="a">por</subfield>
  </datafield>
  <datafield tag="082" ind1=" " ind2=" ">
    <subfield code="a">398.23</subfield>
    <subfield code="b">D186e</subfield>
  </datafield>
  <datafield tag="100" ind1=" " ind2=" ">
    <subfield code="a">D&#xE4;niken, Erich Von</subfield>
    <subfield code="d">1935-</subfield>
    <subfield code="9">342</subfield>
  </datafield>
  <datafield tag="240" ind1=" " ind2=" ">
    <subfield code="a">Erinnerungen an die zukunft</subfield>
  </datafield>
  <datafield tag="245" ind1=" " ind2=" ">
    <subfield code="a">Eram os deuses astronautas? /</subfield>
    <subfield code="c">D&#xE4;niken, Erich Von ; Tradu&#xE7;&#xE3;o de E. G. Kalmus</subfield>
  </datafield>
  <datafield tag="260" ind1=" " ind2=" ">
    <subfield code="a">S&#xE3;o Paulo</subfield>
    <subfield code="b">Melhoramentos</subfield>
    <subfield code="c">1994</subfield>
  </datafield>
  <datafield tag="300" ind1=" " ind2=" ">
    <subfield code="a">181 p.</subfield>
  </datafield>
  <datafield tag="520" ind1=" " ind2=" ">
    <subfield code="a">Chariots of the Gods, de Erich von Daniken, &#xE9; uma obra de import&#xE2;ncia monumental &#x2014; o primeiro livro a introduzir a chocante teoria de que a Terra antiga havia sido visitada por alien&#xED;genas. Este best-seller mundialmente famoso resistiu ao teste do tempo, inspirando in&#xFA;meros livros e filmes, incluindo a popular sequ&#xEA;ncia do pr&#xF3;prio autor, The Eyes of the Sphinx . Mas foi aqui que tudo come&#xE7;ou &#x2014; as teorias surpreendentes de von Daniken sobre nossos primeiros encontros com mundos alien&#xED;genas, baseadas em seus estudos ao longo da vida sobre ru&#xED;nas antigas, cidades perdidas, potenciais portos espaciais e uma mir&#xED;ade de fatos cient&#xED;ficos concretos que apontam para a interven&#xE7;&#xE3;o extraterrestre na hist&#xF3;ria humana. O mais incr&#xED;vel de tudo, no entanto, &#xE9; a teoria de von Daniken de que n&#xF3;s mesmos somos descendentes desses pioneiros gal&#xE1;cticos &#x2014; e as descobertas arqueol&#xF3;gicas que provam isso... * Um astronauta alien&#xED;gena preservado em uma pir&#xE2;mide
* Cartas de navega&#xE7;&#xE3;o de voos espaciais de mil anos
* Astronomia computacional de ru&#xED;nas incas e eg&#xED;pcias
* Um mapa da terra abaixo da calota de gelo da Ant&#xE1;rtida
* Um espa&#xE7;oporto gigante descoberto nos Andes
Inclui fotos not&#xE1;veis &#x200B;&#x200B;que documentam o primeiro contato da humanidade com alien&#xED;genas no in&#xED;cio da civiliza&#xE7;&#xE3;o.</subfield>
  </datafield>
  <datafield tag="650" ind1=" " ind2="0">
    <subfield code="a">Literatura Sui&#xE7;a</subfield>
    <subfield code="9">343</subfield>
  </datafield>
  <datafield tag="650" ind1=" " ind2="0">
    <subfield code="a">Mitologia </subfield>
    <subfield code="9">128</subfield>
  </datafield>
  <datafield tag="650" ind1=" " ind2="0">
    <subfield code="a">Religi&#xE3;o</subfield>
    <subfield code="9">100</subfield>
  </datafield>
  <datafield tag="650" ind1=" " ind2="0">
    <subfield code="a">Filosofia </subfield>
    <subfield code="9">4</subfield>
  </datafield>
  <datafield tag="650" ind1=" " ind2="0">
    <subfield code="a">Fic&#xE7;&#xE3;o Cient&#xED;fica </subfield>
    <subfield code="9">63</subfield>
  </datafield>
  <datafield tag="655" ind1=" " ind2="0">
    <subfield code="a">Romance</subfield>
    <subfield code="9">23</subfield>
  </datafield>
  <datafield tag="655" ind1=" " ind2="0">
    <subfield code="a">N&#xE3;o Fic&#xE7;&#xE3;o</subfield>
    <subfield code="9">102</subfield>
  </datafield>
  <datafield tag="700" ind1=" " ind2=" ">
    <subfield code="a">E. G. Kalmus</subfield>
    <subfield code="e">Tradutor</subfield>
    <subfield code="9">344</subfield>
  </datafield>
  <datafield tag="942" ind1=" " ind2=" ">
    <subfield code="2">ddc</subfield>
    <subfield code="n">0</subfield>
    <subfield code="c">BK</subfield>
  </datafield>
  <datafield tag="952" ind1=" " ind2=" ">
    <subfield code="0">0</subfield>
    <subfield code="1">0</subfield>
    <subfield code="2">ddc</subfield>
    <subfield code="4">0</subfield>
    <subfield code="7">0</subfield>
    <subfield code="8">NFIC</subfield>
    <subfield code="a">BIBIB</subfield>
    <subfield code="b">BIBIB</subfield>
    <subfield code="c">GEN</subfield>
    <subfield code="d">2012-08-28</subfield>
    <subfield code="e">doa&#xE7;&#xE3;o</subfield>
    <subfield code="l">0</subfield>
    <subfield code="o">398.23 / D186e</subfield>
    <subfield code="p">2025-2879</subfield>
    <subfield code="r">2025-01-31 07:47:58</subfield>
    <subfield code="w">2025-01-31</subfield>
    <subfield code="y">BK</subfield>
  </datafield>
  <datafield tag="999" ind1=" " ind2=" ">
    <subfield code="c">184</subfield>
    <subfield code="d">184</subfield>
  </datafield>
</record>
